Statistics for Countries/Territories I Visited (cuotak) - with pictures

Click here to take the quiz!

General Stats

  • This quiz has been taken 148 times
    (45 since last reset)
  • The average score is 46 of 84

Answer Stats

Answer% Correct
China
87%
United States
87%
Japan
85%
United Kingdom
85%
Cambodia
82%
France
82%
Germany
82%
India
82%
Netherlands
82%
Vatican City
82%
Myanmar
79%
Thailand
79%
Turkey
79%
Greece
77%
Italy
77%
Canada
74%
Hungary
74%
UAE
74%
Croatia
72%
Laos
72%
Singapore
72%
Vietnam
72%
Berlin
69%
Monaco
69%
Switzerland
69%
Austria
67%
Czech Republic
67%
Finland
67%
Paris
67%
Portugal
67%
Spain
67%
Australia
64%
London
64%
New York
64%
South Korea
64%
Taiwan
64%
Amsterdam
62%
Budapest
59%
Dubai
59%
Estonia
59%
Istanbul
59%
New Zealand
59%
Bosnia and Herzegovina
56%
Hong Kong
56%
Malaysia
56%
Shanghai
56%
Bangkok
54%
Indonesia
54%
Iran
54%
Kyoto
54%
Serbia
54%
Agra
49%
Prague
49%
Fiji
46%
Helsinki
46%
Taipei
46%
Toronto
46%
Vienna
46%
Liechtenstein
44%
Montenegro
44%
Seoul
44%
Barcelona
41%
Ho Chi Minh City
41%
Melbourne
41%
Philippines
41%
Porto
41%
Yangon
38%
Dubrovnik
36%
Tallinn
36%
Tehran
36%
Belgrade
33%
Macau
33%
Sarajevo
33%
Kuala Lumpur
31%
Vaduz
28%
Vientiane
28%
Verona
15%
Cebu
13%
Queenstown
13%
Vanuatu
13%
Kotor
10%
Lucerne
10%
New Caledonia
8%
Noumea
8%

Score Distribution

Percentile by Number Answered

Percent of People with Each Score

Your Score History

You have not taken this quiz since the last reset